|
|
|
|
| LEADER |
01606nam a2200385 i 4500 |
| 001 |
EBC6956019 |
| 003 |
MiAaPQ |
| 005 |
20221124232906.0 |
| 006 |
m o d | |
| 007 |
cr cnu|||||||| |
| 008 |
221124s2019 gw a o 000 0 eng d |
| 020 |
|
|
|z 9783837644975
|q (print)
|
| 020 |
|
|
|a 9783839444979
|q (electronic bk.)
|
| 035 |
|
|
|a (MiAaPQ)EBC6956019
|
| 035 |
|
|
|a (Au-PeEL)EBL6956019
|
| 035 |
|
|
|a (OCoLC)1110710876
|
| 040 |
|
|
|a MiAaPQ
|b eng
|e rda
|e pn
|c MiAaPQ
|d MiAaPQ
|
| 050 |
|
4 |
|a JC330
|b .M454 2019
|
| 082 |
0 |
|
|a 320.12
|2 23
|
| 100 |
1 |
|
|a Meier, Dominik,
|d 1969-
|e author.
|
| 245 |
1 |
0 |
|a Power and its logic :
|b politics and how to master it /
|c Dominik Meier and Christian Blum.
|
| 264 |
|
1 |
|a Bielefeld, Germany :
|b Transcript Verlag,
|c [2019]
|
| 264 |
|
4 |
|c Ã2019
|
| 300 |
|
|
|a 1 online resource (309 pages) :
|b illustrations
|
| 336 |
|
|
|a text
|b txt
|2 rdacontent
|
| 337 |
|
|
|a computer
|b c
|2 rdamedia
|
| 338 |
|
|
|a online resource
|b cr
|2 rdacarrier
|
| 588 |
|
|
|a Description based on print version record.
|
| 590 |
|
|
|a Electronic reproduction. Ann Arbor, MI : ProQuest, 2018. Available via World Wide Web. Access may be limited to ProQuest affiliated libraries.
|
| 650 |
|
0 |
|a Power (Social sciences)
|
| 655 |
|
4 |
|a Electronic books.
|
| 700 |
1 |
|
|a Blum, Christian,
|d 1980-
|e author.
|
| 776 |
0 |
8 |
|i Print version:
|a Meier, Dominik, 1969-
|t Power and its logic : politics and how to master it.
|d Bielefeld, Germany : Transcript Verlag, c2019
|h 309 pages
|z 9783837644975
|
| 797 |
2 |
|
|a ProQuest (Firm)
|
| 856 |
4 |
0 |
|u https://ebookcentral.proquest.com/lib/matrademy/detail.action?docID=6956019
|z Click to View
|